000 00340nam a2200133Ia 4500
008 230818s1998 xx 000 0 und d
041 _aeng
100 _aPriest/welch
245 _aCreating stress -free office
260 _bGower management work book
_c1998
300 _a329p
520 _aReference Copy
999 _c852076
_d852076
650 _aHotel Front office